=LDR 00000nam 2200000 4500 =001 000718 =005 20250711033218 =035 ##$$a 0010-0725000586 =007 ta =008 250711################a##########0#ind## =020 ##$$a 978-623-307-387-5 =082 ##$$a 398.209 598 =084 ##$$a 398.209 598 RAN s =100 #$$a Ranoosi khotatso =245 1#$$a Sapi bertanduk satu /$c Khotatso ranoosi =250 ##$$a Cetakan pertama =260 ##$$a Rawamangun :$b Badan pengembangan dan pusat bahasa,$c 2022 =300 ##$$a 16 hlm. : $b Ilus. ; $c 21 cm. =650 #4$$a Cerita anak indonesia-terjemahan =600 #4$$a Literasi-bahan bacaan =990 ##$$a TBM04940494